<The> IAASB - the International Auditing and Assurance Standards Board - The Influence of Institutional Aspects on International Harmonization Concept of Auditing Services

Salvato in:
Dettagli Bibliografici
Autore principale: Kareš, Ladislav
Altri autori: Krišková, Petra, 1981-
Natura: Capitolo di libro
Lingua:inglese
Tags: Aggiungi Tag
Nessun Tag, puoi essere il primo ad aggiungerne!!

MARC

LEADER 00000nla$a2200000$$$4500
001 0113293
005 20240502083300.5
041 0 |a eng 
044 |a RS 
245 1 0 |a <The> IAASB - the International Auditing and Assurance Standards Board - The Influence of Institutional Aspects on International Harmonization Concept of Auditing Services  |c Ladislav Kareš, Petra Krišková 
100 1 |a Kareš, Ladislav 
700 1 |a Krišková, Petra, 1981-